[Event "40th Olympiad Open"]
[Site "Istanbul TUR"]
[Date "2012.08.31"]
[Round "4.26"]
[Board "4"]
[White "Nevednichy, Vladislav"]
[Black "Vazquez, Guillermo"]
[Result "1/2-1/2"]
[WhiteTitle "GM"]
[BlackTitle "FM"]
[WhiteElo "2554"]
[BlackElo "2323"]
[WhiteTeam "Romania"]
[BlackTeam "Paraguay"]
[WhiteFideId "1205730"]
[BlackFideId "3702308"]
[EventDate "2012.08.28"]

1. c4 f5 2. g3 Nf6 3. Bg2 g6 4. Nc3 Bg7 5. d3 d6 6. e4 Nc6 7. Nge2 O-O 8. O-O e5
9. Nd5 Be6 10. Bg5 Qd7 11. Qd2 Rf7 12. Rac1 fxe4 13. dxe4 Bh3 14. f3 Bxg2 15.
Kxg2 Ne8 16. Rfd1 Nd4 17. Nxd4 exd4 18. Rf1 c6 19. Nb4 Nc7 20. Nd3 c5 21. b3 Qc6
22. h4 Raf8 23. Rf2 Ne6 24. h5 gxh5 25. Rh1 Qe8 26. Qc1 Kh8 27. Bd2 Bf6 28. Rxh5
Rg7 29. Rh3 Ng5 30. Bxg5 Bxg5 31. Qh1 Be3 32. Rf1 b5 33. Rc1 Qf7 34. g4 Bxc1 35.
Qxc1 bxc4 36. bxc4 Qb7 37. Rg3 Qa6 38. f4 Qxa2+ 39. Nf2 Qe2 40. f5 d3 41. Qc3 d2
42. Qd3 Qxd3 43. Rxd3 h5 44. Rxd2 hxg4 45. Rxd6 g3 46. Nd3 Rg4 47. Ne5 Rxe4 1/2-1/2

[Event "40th Olympiad Open"]
[Site "Istanbul TUR"]
[Date "2012.08.31"]
[Round "4.27"]
[Board "2"]
[White "Sanal, Vahap"]
[Black "Gretarsson, Hjorvar Steinn"]
[Result "1-0"]
[WhiteTitle "FM"]
[BlackTitle "IM"]
[WhiteElo "2387"]
[BlackElo "2506"]
[WhiteTeam "Turkey 2016"]
[BlackTeam "Iceland"]
[WhiteFideId "6300545"]
[BlackFideId "2302241"]
[EventDate "2012.08.28"]

1. e4 c5 2. Nf3 d6 3. d4 cxd4 4. Nxd4 Nf6 5. Nc3 a6 6. Bg5 Nbd7 7. Bc4 Qa5 8.
Qd2 e6 9. O-O-O b5 10. Bb3 Bb7 11. Rhe1 Rc8 12. e5 b4 13. exf6 bxc3 14. Qf4 Ne5
15. Nxe6 fxe6 16. Rxe5 1-0

[Event "40th Olympiad Open"]
[Site "Istanbul TUR"]
[Date "2012.08.31"]
[Round "4.27"]
[Board "4"]
[White "Emiroglu, Cankut"]
[Black "Arngrimsson, Dagur"]
[Result "1/2-1/2"]
[WhiteTitle "CM"]
[BlackTitle "IM"]
[WhiteElo "2299"]
[BlackElo "2375"]
[WhiteTeam "Turkey 2016"]
[BlackTeam "Iceland"]
[WhiteFideId "6306659"]
[BlackFideId "2301288"]
[EventDate "2012.08.28"]

1. e4 e5 2. Nf3 Nc6 3. Bb5 a6 4. Ba4 Nf6 5. O-O Be7 6. Re1 b5 7. Bb3 d6 8. c3
O-O 9. h3 Rb8 10. d4 exd4 11. cxd4 d5 12. e5 Ne4 13. Nc3 Nxc3 14. bxc3 Bf5 15.
Bc2 Bxc2 16. Qxc2 Na5 17. Bf4 Nc4 18. Qf5 Rb6 19. Re2 Qc8 20. g4 Qe6 21. Ng5
Bxg5 22. Qxg5 b4 23. cxb4 Rxb4 24. Rae1 Na3 25. Be3 Nb5 26. Rc2 Nxd4 27. Bxd4
Rxd4 28. Rxc7 Rd3 29. Re7 Qb6 30. Kg2 h6 31. Qf5 Rd2 32. Rc1 Qg6 33. Rcc7 Kh7
34. Rxf7 Rxf7 35. Rxf7 Rxa2 36. e6 Re2 37. Rf8 Rxe6 38. Qxd5 Qe4+ 39. Qxe4+ Rxe4
40. Ra8 1/2-1/2

[Event "40th Olympiad Open"]
[Site "Istanbul TUR"]
[Date "2012.08.31"]
[Round "4.28"]
[Board "1"]
[White "Malisauskas, Vidmantas"]
[Black "Shukuraliev, Algis"]
[Result "1-0"]
[WhiteTitle "GM"]
[WhiteElo "2451"]
[BlackElo "2360"]
[WhiteTeam "Lithuania"]
[BlackTeam "Kyrgyzstan"]
[WhiteFideId "12800031"]
[BlackFideId "13800426"]
[EventDate "2012.08.28"]

1. c4 Nf6 2. Nc3 c5 3. g3 Nc6 4. Bg2 g6 5. Nf3 Bg7 6. d4 cxd4 7. Nxd4 O-O 8. O-O
d6 9. Nc2 Be6 10. Ne3 a6 11. Bd2 Rb8 12. Rc1 Ne5 13. b3 Qd7 14. a4 Rfc8 15. Ned5
Bxd5 16. cxd5 b5 17. axb5 axb5 18. Na2 Qa7 19. Nb4 Nfd7 20. Ra1 Qd4 21. e3 Qg4
22. Qxg4 Nxg4 23. Ra7 Nc5 24. Nc6 Nxb3 25. Bb4 Kf8 26. Bh3 Ne5 27. Bxc8 Nxc6 28.
dxc6 Rxc8 29. Rb1 Nc5 30. Bxc5 dxc5 31. Rxb5 c4 32. c7 Ke8 33. Ra8 1-0

[Event "40th Olympiad Open"]
[Site "Istanbul TUR"]
[Date "2012.08.31"]
[Round "4.28"]
[Board "3"]
[White "Pileckis, Emilis"]
[Black "Abdyjapar, Asyl"]
[Result "0-1"]
[WhiteTitle "IM"]
[BlackTitle "FM"]
[WhiteElo "2443"]
[BlackElo "2365"]
[WhiteTeam "Lithuania"]
[BlackTeam "Kyrgyzstan"]
[WhiteFideId "12802476"]
[BlackFideId "13800337"]
[EventDate "2012.08.28"]

1. Nf3 Nf6 2. c4 g6 3. Nc3 Bg7 4. e4 c5 5. d4 cxd4 6. Nxd4 O-O 7. Be2 Nc6 8. Be3
d6 9. O-O Bd7 10. Qd2 Rc8 11. f3 a6 12. Rfd1 Re8 13. Rac1 Nxd4 14. Bxd4 Be6 15.
b3 Qa5 16. Qb2 Nh5 17. Bxg7 Nxg7 18. f4 Rc7 19. Kh1 Rec8 20. e5 dxe5 21. b4 Qb6
22. c5 Qa7 23. fxe5 b6 24. Na4 bxc5 25. bxc5 Rb8 26. Qa3 Nf5 27. Nb6 a5 28. Bf3
Kg7 29. Rb1 Qa6 30. Rb2 Rd8 31. Rbb1 Rxd1+ 32. Rxd1 Nd4 33. Qe3 Nxf3 34. gxf3
Qb5 35. Rc1 Bxa2 36. Qd4 Be6 37. Kg2 a4 38. Qe3 Qb2+ 39. Kg3 a3 40. Na4 Qb4 0-1

[Event "40th Olympiad Open"]
[Site "Istanbul TUR"]
[Date "2012.08.31"]
[Round "4.28"]
[Board "4"]
[White "Takyrbashev, B."]
[Black "Vedrickas, Tautvydas"]
[Result "1-0"]
[BlackTitle "FM"]
[WhiteElo "2195"]
[BlackElo "2344"]
[WhiteTeam "Kyrgyzstan"]
[BlackTeam "Lithuania"]
[WhiteFideId "13800272"]
[BlackFideId "12802654"]
[EventDate "2012.08.28"]

1. e4 c5 2. Nf3 d6 3. d4 cxd4 4. Nxd4 Nf6 5. Nc3 a6 6. Be3 e5 7. Nb3 Be6 8. f3
Nbd7 9. Qd2 b5 10. a4 b4 11. Nd5 Bxd5 12. exd5 Nb6 13. Bxb6 Qxb6 14. a5 Qb7 15.
Bc4 Be7 16. Ra4 Rb8 17. Qd3 Ra8 18. O-O O-O 19. Qd2 Rab8 20. Nc1 Bd8 21. Kh1 e4
22. b3 Nd7 23. Na2 exf3 24. gxf3 Nc5 25. Rxb4 Bxa5 26. Rxb7 Bxd2 27. Rxb8 Rxb8
28. Rd1 Bf4 29. b4 Nd7 30. Bxa6 Ra8 31. Bc4 Ne5 32. Bb3 Nxf3 33. Rf1 Nd2 34.
Rxf4 Nxb3 35. Rc4 Nd2 36. Rc7 g5 37. Nc3 Rb8 38. b5 Kg7 39. Rc6 Kf6 40. Rxd6+
Ke5 41. Rc6 Nf3 42. d6 Rd8 43. b6 Nd4 44. Rc5+ Kxd6 45. Ne4+ Ke7 46. Rc7+ Ke6
47. Nxg5+ Kf6 48. Nxf7 Rb8 49. Rc4 Ne6 50. Nh6 Rxb6 51. Kg2 Kg5 52. Ng4 Rd6 53.
Kg3 h5 54. Ne5 Rd5 55. Nf3+ Kf6 56. Rc6 Ke7 57. h3 Ra5 58. Rc4 Ra3 59. c3 Kd6
60. Kh4 Ra5 61. Re4 Ra3 62. Nd4 Nxd4 63. Rxd4+ Ke6 64. Rd3 Ra5 65. c4 Rc5 66.
Rd4 Kf6 67. Kg3 Ra5 68. Kf4 Ra1 69. Rd5 Rf1+ 70. Ke4 Re1+ 71. Kd4 Kg6 72. c5 Rc1
73. h4 Rh1 74. c6 Rc1 75. Rc5 Rd1+ 76. Ke5 Re1+ 77. Kd6 Rd1+ 78. Rd5 1-0

[Event "40th Olympiad Open"]
[Site "Istanbul TUR"]
[Date "2012.08.31"]
[Round "4.29"]
[Board "2"]
[White "Prasca Sosa, Rafael"]
[Black "Astaneh Lopez, Alex"]
[Result "0-1"]
[WhiteTitle "IM"]
[BlackTitle "IM"]
[WhiteElo "2415"]
[BlackElo "2398"]
[WhiteTeam "Venezuela"]
[BlackTeam "Ireland"]
[WhiteFideId "3900819"]
[BlackFideId "2501430"]
[EventDate "2012.08.28"]

1. e4 c6 2. d4 d5 3. e5 c5 4. dxc5 Nc6 5. Bb5 e6 6. Be3 Ne7 7. c3 Bd7 8. Bxc6
Bxc6 9. Nf3 Nf5 10. Bd4 Nxd4 11. Qxd4 a5 12. O-O a4 13. Nbd2 Ra5 14. b4 axb3 15.
Nxb3 Ra4 16. Qd3 Be7 17. Nfd4 O-O 18. f4 g6 19. g4 Qc7 20. Rf2 Rfa8 21. h4 Be8
22. Qe3 Ra3 23. f5 exf5 24. gxf5 Bxc5 25. fxg6 hxg6 26. Nxc5 Qxc5 27. e6 Rxc3
28. Qf4 f5 29. Qe5 Ra4 30. Rd1 Rcc4 31. Rfd2 Qe7 32. Qxd5 Rc5 33. Qh1 Re5 34.
Qh2 Qc5 35. Rc2 Rxd4 36. Rxc5 Rxd1+ 37. Kf2 Rd2+ 38. Kg3 Re3+ 39. Kf4 Re4+ 40.
Kg5 Rxh2 0-1

[Event "40th Olympiad Open"]
[Site "Istanbul TUR"]
[Date "2012.08.31"]
[Round "4.29"]
[Board "3"]
[White "Griffiths, Ryan Rhys"]
[Black "Ynojosa, Felix Jose"]
[Result "1-0"]
[WhiteTitle "FM"]
[BlackTitle "FM"]
[WhiteElo "2362"]
[BlackElo "2374"]
[WhiteTeam "Ireland"]
[BlackTeam "Venezuela"]
[WhiteFideId "2502054"]
[BlackFideId "3900258"]
[EventDate "2012.08.28"]

1. d4 Nf6 2. c4 e6 3. Nc3 c5 4. d5 exd5 5. cxd5 Bd6 6. Nf3 O-O 7. Bg5 Re8 8. e3
Bc7 9. d6 Ba5 10. Bc4 b5 11. Bd5 Nc6 12. O-O Bxc3 13. bxc3 Ba6 14. Qc2 Rc8 15.
Qf5 b4 16. c4 Na5 17. e4 Bxc4 18. Bxc4 Nxc4 19. e5 Nxd6 20. exd6 Re6 21. Rfd1 h6
22. Bh4 Qb6 23. Bxf6 Rxf6 24. Qxd7 Rd8 25. Qa4 Rfxd6 26. Rxd6 Qxd6 27. h3 Rd7
28. Rc1 Rc7 29. Qe8+ Kh7 30. Qe5 Qb6 31. Rc4 Rc6 32. Qe4+ g6 33. Qd5 Rc7 34. Ne5
Qa5 35. Rf4 f5 36. Nxg6 b3 37. Nf8+ Kh8 38. axb3 1-0

[Event "40th Olympiad Open"]
[Site "Istanbul TUR"]
[Date "2012.08.31"]
[Round "4.29"]
[Board "4"]
[White "Martinez Reyes, Pedro Ramon"]
[Black "Wall, Gavin"]
[Result "0-1"]
[BlackTitle "IM"]
[WhiteElo "2198"]
[BlackElo "2338"]
[WhiteTeam "Venezuela"]
[BlackTeam "Ireland"]
[WhiteFideId "3901807"]
[BlackFideId "2501244"]
[EventDate "2012.08.28"]

1. Nf3 d6 2. d4 f5 3. Nc3 Nf6 4. Bg5 Nbd7 5. Qd3 e6 6. e4 fxe4 7. Nxe4 Be7 8.
Nxf6+ Bxf6 9. h4 Qe7 10. O-O-O Nb6 11. Bd2 Bd7 12. g4 Qf7 13. Ng5 Qg8 14. Bg2
O-O-O 15. Kb1 Rf8 16. f4 g6 17. Rde1 h6 18. Ne4 Be7 19. Nc3 Qg7 20. a4 d5 21. b3
Kb8 22. Qe3 Bd6 23. Ne2 Rf7 24. Ref1 Rhf8 25. Rf3 Nc8 26. Rhf1 h5 27. Bh3 hxg4
28. Bxg4 Qf6 29. Rh1 Ne7 30. h5 gxh5 31. Bxh5 Nf5 32. Qf2 Rg7 33. Rfh3 Be8 34.
Bf3 Bg6 35. Rh8 Rgg8 36. R8h3 Ne7 37. Bc1 Nc6 38. Bd2 Qf5 39. Rc1 0-1

[Event "40th Olympiad Open"]
[Site "Istanbul TUR"]
[Date "2012.08.31"]
[Round "4.30"]
[Board "1"]
[White "Jere, Daniel"]
[Black "Dervishi, Erald"]
[Result "0-1"]
[WhiteTitle "FM"]
[BlackTitle "GM"]
[WhiteElo "2382"]
[BlackElo "2538"]
[WhiteTeam "Zambia"]
[BlackTeam "Albania"]
[WhiteFideId "8700249"]
[BlackFideId "4700236"]
[EventDate "2012.08.28"]

1. c4 e6 2. g3 d5 3. Bg2 Nf6 4. Nf3 Be7 5. O-O O-O 6. Qc2 b6 7. cxd5 exd5 8. d4
Bb7 9. Bf4 Na6 10. Nc3 Qd7 11. Rac1 Rfd8 12. Rfd1 h6 13. Ne5 Qe6 14. a3 c5 15.
h4 Nh5 16. Qd2 cxd4 17. Nb5 Nxf4 18. gxf4 Bf6 19. Qxd4 Nc5 20. Nc7 Qe7 21. Nxa8
Nb3 22. Qc3 Nxc1 23. Rxc1 Rxa8 24. Rd1 Rc8 25. Qe3 Bxe5 26. fxe5 Qxh4 27. e6 Qe7
28. exf7+ Qxf7 29. Qd3 Rd8 30. Qd4 Rd6 31. Rd3 Rf6 32. Rg3 Kh8 33. Bf3 Rf5 34.
b4 Ba6 35. Qe3 Bc4 36. Rg4 Rf6 37. Qe5 Re6 38. Qd4 Bxe2 39. Rf4 Qg6+ 40. Rg4 Qf7
41. Rf4 Qg6+ 42. Rg4 Qh7 43. Bxe2 Rxe2 44. Qxd5 Qb1+ 45. Kg2 Re1 46. Kh2 Qd1 47.
Rd4 Rh1+ 48. Qxh1 Qxd4 49. Qa8+ Kh7 50. Kg2 b5 51. Qf3 Qf6 52. Qb7 a6 53. Qa8 h5
54. Qb7 Qg5+ 55. Kh2 Qf4+ 56. Kg2 Qg4+ 57. Kh2 Qf5 58. Kg2 Qe6 59. Qf3 Kh6 60.
Qa8 g5 61. Kh2 h4 62. Kg2 Kg6 63. Qf3 g4 64. Qd3+ Qf5 65. Qd6+ Kh5 66. Qxa6 Qd5+
67. Kh2 h3 0-1

[Event "40th Olympiad Open"]
[Site "Istanbul TUR"]
[Date "2012.08.31"]
[Round "4.30"]
[Board "3"]
[White "Kayonde, Andrew"]
[Black "Seitaj, Ilir"]
[Result "1-0"]
[BlackTitle "IM"]
[WhiteElo "2180"]
[BlackElo "2400"]
[WhiteTeam "Zambia"]
[BlackTeam "Albania"]
[WhiteFideId "8700281"]
[BlackFideId "4700031"]
[EventDate "2012.08.28"]

1. d4 d5 2. Nf3 Nf6 3. e3 e6 4. c3 c5 5. Nbd2 Nc6 6. Bd3 Be7 7. O-O Qc7 8. dxc5
Bxc5 9. e4 Bd7 10. exd5 Nxd5 11. Ne4 Be7 12. Bg5 f6 13. Bd2 O-O-O 14. b4 Nf4 15.
Bxf4 Qxf4 16. Qc1 Qxc1 17. Raxc1 e5 18. Ng3 g6 19. Bc4 f5 20. Nd2 e4 21. f4 Bf6
22. Nb3 Kc7 23. Ne2 Bc8 24. b5 Ne7 25. Rcd1 Rxd1 26. Rxd1 Rd8 27. Ned4 Nd5 28.
Bxd5 Rxd5 29. Kf2 Rd8 30. g3 Re8 31. Ke3 Be6 32. Nxe6+ Rxe6 33. g4 fxg4 34. Nc5
Re7 35. Nxe4 h5 36. c4 Bb2 37. h3 gxh3 38. Rh1 h2 39. Rxh2 Bc1+ 40. Kf3 Rf7 41.
Rh4 Kb6 42. c5+ Kc7 43. Nf2 Ba3 44. Nd3 Rf5 45. Rh2 Bxc5 46. Rg2 Bd6 47. a4 Rf6
48. Ke4 h4 49. Rg4 Be7 50. Ne5 Re6 51. Kd5 Rd6+ 52. Kc4 h3 53. Rg3 Bf6 54. Rxh3
Bxe5 55. fxe5 Rd7 56. Rg3 Rg7 57. Kd5 Kd7 58. e6+ Ke7 59. Rc3 Kd8 60. Kd6 Rh7
61. a5 g5 62. b6 a6 63. Rc7 1-0

[Event "40th Olympiad Open"]
[Site "Istanbul TUR"]
[Date "2012.08.31"]
[Round "4.30"]
[Board "4"]
[White "Rama, Lorenc"]
[Black "Lungu, Nase"]
[Result "1-0"]
[WhiteTitle "FM"]
[BlackTitle "FM"]
[WhiteElo "2292"]
[BlackElo "2252"]
[WhiteTeam "Albania"]
[BlackTeam "Zambia"]
[WhiteFideId "4700171"]
[BlackFideId "8700052"]
[EventDate "2012.08.28"]

1. Nf3 c5 2. c4 Nc6 3. d4 cxd4 4. Nxd4 g6 5. e4 Bg7 6. Be3 Nf6 7. Nc3 Ng4 8.
Qxg4 Nxd4 9. Qd1 Nc6 10. Qd2 Qa5 11. Rc1 O-O 12. Be2 d6 13. O-O Be6 14. b3 f5
15. exf5 gxf5 16. f4 Rad8 17. Bf3 Bf7 18. Rfd1 Kh8 19. Nb5 Qxd2 20. Rxd2 a6 21.
Bxc6 bxc6 22. Nd4 Bxd4 23. Bxd4+ Kg8 24. Rd3 Rfe8 25. Rg3+ Bg6 26. Re1 Kf7 27.
Rge3 e6 28. c5 e5 29. fxe5 dxe5 30. Bxe5 Rd5 31. b4 Re6 32. a3 Rd2 33. h3 Re8
34. a4 f4 35. Rf1 Rd5 36. Rxf4+ Kg8 37. Bd4 Rxe3 38. Bxe3 Bc2 39. a5 Rd1+ 40.
Kh2 Re1 41. Rf2 Bd3 42. Bh6 Rf1 43. Rd2 Be4 44. Rd8+ Kf7 45. Rf8+ 1-0

[Event "40th Olympiad Open"]
[Site "Istanbul TUR"]
[Date "2012.08.31"]
[Round "4.31"]
[Board "1"]
[White "Gruenfeld, Yehuda"]
[Black "Amonatov, Farrukh"]
[Result "0-1"]
[WhiteTitle "GM"]
[BlackTitle "GM"]
[WhiteElo "2434"]
[BlackElo "2610"]
[WhiteTeam "ICSC"]
[BlackTeam "Tajikistan"]
[WhiteFideId "2800020"]
[BlackFideId "14700077"]
[EventDate "2012.08.28"]

1. e4 c5 2. Nf3 d6 3. d4 cxd4 4. Nxd4 Nf6 5. Nc3 a6 6. Bg5 Nbd7 7. Bc4 e6 8. O-O
Qa5 9. Qd2 h6 10. Bxf6 Nxf6 11. Bb3 Be7 12. f4 Qc5 13. Kh1 b5 14. Rae1 O-O 15.
e5 dxe5 16. fxe5 Nh7 17. Ne4 Qxe5 18. Nf6+ Qxf6 19. Rxf6 Bxf6 20. Nc6 Bb7 21.
Qd7 Bxc6 22. Qxc6 Bxb2 23. Rd1 Nf6 24. h3 Rfc8 25. Qb7 Be5 26. Kg1 h5 27. Kf1 h4
28. Ke2 Bg3 29. Rd4 Rcb8 30. Qc6 a5 31. a4 b4 32. Qc5 Rc8 33. Qg5 Rc7 34. Rxh4
Bxh4 35. Qxh4 Rac8 36. Kd1 Rd7+ 37. Ke2 Rc5 38. Qf4 Nd5 39. Qb8+ Kh7 40. Kf2 Nf4
41. Qe8 Rdc7 42. Qd8 Rc8 43. Qd2 Rg5 44. g3 Nxh3+ 45. Kg2 Rc3 46. Kxh3 Rgxg3+
47. Kh4 f5 0-1

[Event "40th Olympiad Open"]
[Site "Istanbul TUR"]
[Date "2012.08.31"]
[Round "4.31"]
[Board "2"]
[White "Khusenkhojaev, Muhammad"]
[Black "Orsag, Milan1"]
[Result "0-1"]
[BlackTitle "IM"]
[WhiteElo "2378"]
[BlackElo "2405"]
[WhiteTeam "Tajikistan"]
[BlackTeam "ICSC"]
[WhiteFideId "14700247"]
[BlackFideId "300853"]
[EventDate "2012.08.28"]

1. Nf3 d5 2. d4 e6 3. c4 Nf6 4. Nc3 Be7 5. Bg5 h6 6. Bh4 O-O 7. e3 b6 8. Bd3 Bb7
9. O-O Nbd7 10. Qe2 Ne4 11. Bg3 Nxg3 12. hxg3 a6 13. Rad1 Nf6 14. e4 dxe4 15.
Nxe4 Qc8 16. Bb1 Rd8 17. Ne5 c5 18. dxc5 bxc5 19. f4 Qc7 20. Nc3 Rxd1 21. Rxd1
Rd8 22. Kf2 Rxd1 23. Qxd1 Bd6 24. Ng4 Nxg4+ 25. Qxg4 Be7 26. f5 exf5 27. Qxf5 g6
28. Nd5 Bxd5 29. Qxd5 Kg7 30. Be4 Bd6 31. Qd3 Be5 32. b3 Bd4+ 33. Kf1 h5 34. b4
Qe5 35. a3 f5 36. Bd5 cxb4 37. axb4 Bc3 38. Qe2 Qxe2+ 39. Kxe2 Bxb4 40. Kd3 Bc5
41. Kc3 Bf2 42. Kb4 Bxg3 43. Bb7 Be1+ 44. Ka4 a5 45. c5 Kf6 46. c6 Bg3 47. Kxa5
Bc7+ 48. Ka6 h4 49. Bc8 g5 50. Kb7 Bd6 51. c7 Bxc7 52. Kxc7 Ke5 53. Kd7 g4 54.
Bb7 f4 55. Ba6 h3 56. gxh3 gxh3 57. Bb7 h2 58. Bh1 Kd4 59. Ke6 Ke3 60. Kf5 f3
61. Kg4 f2 62. Bg2 h1=Q 0-1

[Event "40th Olympiad Open"]
[Site "Istanbul TUR"]
[Date "2012.08.31"]
[Round "4.31"]
[Board "3"]
[White "Klasan, Vladimir"]
[Black "Isaev, Jamshed"]
[Result "0-1"]
[BlackTitle "IM"]
[WhiteElo "2342"]
[BlackElo "2357"]
[WhiteTeam "ICSC"]
[BlackTeam "Tajikistan"]
[WhiteFideId "934054"]
[BlackFideId "14700050"]
[EventDate "2012.08.28"]

1. e4 c5 2. Nf3 Nc6 3. b3 d6 4. Bb5 Nf6 5. Qe2 e5 6. c3 Bd7 7. Bb2 a6 8. Bxc6
Bxc6 9. d3 g6 10. Nbd2 Bg7 11. d4 exd4 12. cxd4 O-O 13. dxc5 Re8 14. O-O-O Qa5
15. cxd6 Qxa2 16. Nd4 Nxe4 17. d7 Bxd7 18. Nxe4 Rac8+ 19. Bc3 Bh6+ 20. Rd2 Rxe4 0-1

[Event "40th Olympiad Open"]
[Site "Istanbul TUR"]
[Date "2012.08.31"]
[Round "4.31"]
[Board "4"]
[White "Yunusov, Ilhom"]
[Black "Frink, Ferenc"]
[Result "0-1"]
[BlackTitle "FM"]
[WhiteElo "2190"]
[BlackElo "2197"]
[WhiteTeam "Tajikistan"]
[BlackTeam "ICSC"]
[WhiteFideId "14700298"]
[BlackFideId "704946"]
[EventDate "2012.08.28"]

1. e4 Nc6 2. Nf3 e6 3. d4 d6 4. c4 Nf6 5. Nc3 e5 6. d5 Ne7 7. c5 Ng6 8. Bb5+ Bd7
9. c6 bxc6 10. dxc6 Bc8 11. Bc4 Be7 12. Bg5 O-O 13. Qd2 Be6 14. Ba6 Rb8 15. Bxf6
Bxf6 16. O-O Rb6 17. Bb7 a5 18. a3 Bb3 19. Rab1 Ne7 20. Rfc1 Nxc6 21. Bxc6 Rxc6
22. Nd5 Bxd5 23. Qxd5 Rxc1+ 24. Rxc1 Qb8 25. b3 c5 26. Rd1 Rd8 27. h3 h6 28. Rd3
Be7 29. Nd2 Qa8 30. Qxa8 Rxa8 31. a4 f6 32. Nc4 Ra6 33. Kf1 Kf7 34. Ne3 Rb6 35.
Nc4 Ra6 36. Ke2 g6 37. g4 Ke6 38. Ne3 Ra7 39. Kd2 Bd8 40. Kc3 Rb7 41. Nc4 Rd7
42. Ne3 Rh7 43. Kc4 h5 44. f3 hxg4 45. hxg4 Rh3 46. Nd5 f5 47. gxf5+ gxf5 48.
Nc3 Be7 49. Nd1 Rh8 50. Nc3 f4 51. Rd1 Rh3 52. Rd3 Rh8 53. Nd5 Bh4 54. Rd1 Bf2
55. Rd3 Rg8 56. Kb5 Rb8+ 57. Kc6 Bd4 58. Nc7+ Ke7 59. Nd5+ Ke6 60. Kc7 Rh8 61.
Rd1 Rh3 62. Rf1 Rh2 63. Kc6 Rb2 64. Nc7+ Kf7 65. Nb5 Rxb3 66. Nxd6+ Kg6 67. Nc4
Rb4 68. Nxa5 Rxa4 69. Nb3 Rb4 70. Nd2 c4 71. Kd5 c3 72. Nc4 Rb5+ 73. Ke6 Rc5 74.
Na3 c2 75. Rc1 Rc3 76. Nxc2 Rxf3 77. Nxd4 exd4 78. Kd5 d3 79. Kd4 Kg5 80. e5 Re3
81. Rd1 Kf5 82. Rxd3 Rxe5 83. Rh3 Re8 84. Kd3 Kg4 85. Rh7 f3 86. Rg7+ Kf4 87.
Kd2 f2 88. Rf7+ Kg3 89. Rg7+ Kf3 90. Rf7+ Kg2 91. Rg7+ Kf1 0-1

[Event "40th Olympiad Open"]
[Site "Istanbul TUR"]
[Date "2012.08.31"]
[Round "4.32"]
[Board "1"]
[White "Annaberdiev, Meilis"]
[Black "Njili, Kamel"]
[Result "0-1"]
[WhiteTitle "IM"]
[BlackTitle "FM"]
[WhiteElo "2437"]
[BlackElo "2357"]
[WhiteTeam "Turkmenistan"]
[BlackTeam "Tunisia"]
[WhiteFideId "14000563"]
[BlackFideId "5500869"]
[EventDate "2012.08.28"]

1. e4 c5 2. Nf3 a6 3. Nc3 d6 4. d4 cxd4 5. Nxd4 e5 6. Nf5 Be6 7. Be2 Nc6 8. O-O
Nf6 9. Bg5 h6 10. Bxf6 Qxf6 11. Ne3 Qd8 12. Bc4 Be7 13. Bxe6 fxe6 14. Qg4 Kf7
15. f4 exf4 16. Qxf4+ Bf6 17. Ng4 h5 18. Nxf6 gxf6 19. Rad1 Ne5 20. Rxd6 Qxd6
21. Qxf6+ Kg8 22. Qg5+ Kh7 23. Rf6 Qc5+ 24. Kh1 Qf8 25. Qxh5+ Kg7 26. Qg5+ Kh7
27. Qh5+ Kg7 28. Rxf8 Rxh5 29. Rxa8 Rh7 30. Rd8 Kf6 31. Nd1 Ng4 32. Kg1 Ke5 33.
h3 Nf6 34. Nf2 Nxe4 35. Nd3+ Kf6 36. Rd4 Ng5 37. Rf4+ Ke7 38. Rb4 Kf6 39. h4 Nf7
40. g3 Nd6 41. Rf4+ Ke7 42. Kh2 Nf5 43. Rb4 Kf6 44. Rb6 Ne3 45. Nf4 Re7 46. g4
Nxg4+ 47. Kg3 Kf5 48. Nxe6 Ne5 49. Ng5 Rc7 50. Nf3 Rg7+ 51. Kf2 Ng4+ 52. Ke2
Re7+ 53. Kd2 Rd7+ 54. Kc1 Ne3 55. b3 Rc7 56. c4 Kg4 57. Ne5+ Kxh4 58. Kd2 Nf5
59. Rg6 Kh5 60. Rg8 Ng7 61. Kd3 Kg5 62. Ke4 Kf6 0-1

[Event "40th Olympiad Open"]
[Site "Istanbul TUR"]
[Date "2012.08.31"]
[Round "4.32"]
[Board "2"]
[White "Amdouni, Zoubaier"]
[Black "Atabayev, Maksat"]
[Result "1-0"]
[BlackTitle "FM"]
[WhiteElo "2305"]
[BlackElo "2402"]
[WhiteTeam "Tunisia"]
[BlackTeam "Turkmenistan"]
[WhiteFideId "5500419"]
[BlackFideId "14001101"]
[EventDate "2012.08.28"]

1. e4 c5 2. Nf3 d6 3. d4 cxd4 4. Nxd4 Nf6 5. Nc3 Nc6 6. Bc4 e6 7. Be3 a6 8. Bb3
Be7 9. Qe2 Qc7 10. O-O-O Na5 11. g4 b5 12. g5 Nxb3+ 13. axb3 Nd7 14. Nf5 exf5
15. Nd5 Qd8 16. exf5 Bb7 17. f6 Bxd5 18. Rxd5 gxf6 19. Bd4 Kf8 20. Qh5 Rg8 21.
Qh6+ Ke8 22. Re1 Rxg5 23. Rxd6 Qc7 24. Rxf6 Rc8 25. c3 Rg6 26. Rxg6 hxg6 27.
Qh8+ Nf8 28. Bf6 Qf4+ 29. Kb1 Rc7 30. Bg7 Kd7 31. Bxf8 Qf5+ 32. Ka2 Bf6 33. Bg7
Rc8 34. Qh6 Qxf2 35. Qh3+ Kc7 36. Rf1 Qh4 37. Qe3 Bxg7 38. Rxf7+ Kd6 39. Qb6+
Rc6 40. Qb8+ Kd5 41. Rd7+ Ke4 42. Qe8+ Kf5 43. Rd5+ 1-0

[Event "40th Olympiad Open"]
[Site "Istanbul TUR"]
[Date "2012.08.31"]
[Round "4.32"]
[Board "3"]
[White "Atabayev, Yusup"]
[Black "Zaibi, Amir"]
[Result "1-0"]
[WhiteTitle "FM"]
[BlackTitle "CM"]
[WhiteElo "2411"]
[BlackElo "2214"]
[WhiteTeam "Turkmenistan"]
[BlackTeam "Tunisia"]
[WhiteFideId "14001128"]
[BlackFideId "5500796"]
[EventDate "2012.08.28"]

1. e4 c5 2. Nf3 e6 3. d4 cxd4 4. Nxd4 Nc6 5. Nb5 d6 6. c4 Nf6 7. N1c3 a6 8. Na3
Be7 9. Be2 O-O 10. O-O b6 11. Be3 Bb7 12. Qb3 Nd7 13. Rfd1 Qc7 14. Rd2 Nc5 15.
Qd1 Rac8 16. Rc1 Ne5 17. f3 f5 18. exf5 Rxf5 19. Nc2 Rg5 20. Nd4 Rg6 21. Kh1 Rf8
22. b4 Ncd7 23. Ne4 Ng4 24. fxg4 Bxe4 25. g5 Bxg5 26. Bxg5 Rxg5 27. Bg4 Ne5 28.
Bh3 Qe7 29. Nxe6 Rf3 30. Nxg5 Qxg5 31. Be6+ Kf8 32. Bd5 Rd3 33. Qf1+ Ke7 34.
Rxd3 Bxd3 35. Qg1 Qf4 36. Re1 Qd2 37. c5 Qxb4 38. cxb6 Kf6 39. Qf2+ Kg5 40. h3
h5 41. b7 h4 42. Rd1 Bf5 43. Qd2+ 1-0

[Event "40th Olympiad Open"]
[Site "Istanbul TUR"]
[Date "2012.08.31"]
[Round "4.32"]
[Board "4"]
[White "Boudriga, Med Ali"]
[Black "Odeev, Handszar"]
[Result "0-1"]
[BlackTitle "GM"]
[WhiteElo "2191"]
[BlackElo "2397"]
[WhiteTeam "Tunisia"]
[BlackTeam "Turkmenistan"]
[WhiteFideId "5500460"]
[BlackFideId "14000091"]
[EventDate "2012.08.28"]

1. e4 c5 2. Nf3 d6 3. c3 Nf6 4. Bd3 Bg4 5. Bc2 Nc6 6. d3 g6 7. Nbd2 Bg7 8. h3
Bd7 9. O-O Rc8 10. Re1 O-O 11. Nf1 Qc7 12. Bf4 e5 13. Bg5 h6 14. Bxf6 Bxf6 15.
Ne3 Ne7 16. Bb3 Bg7 17. h4 Rcd8 18. h5 Kh7 19. Qe2 Qc8 20. Nh2 Be6 21. Bxe6 Qxe6
22. Qg4 Qxg4 23. Nhxg4 gxh5 24. Nh2 f5 25. Nxf5 Nxf5 26. exf5 Rxf5 27. Re3 Rdf8
28. Rf3 Rf4 29. Rxf4 Rxf4 30. Kf1 h4 31. Re1 Kg6 32. Re3 d5 33. Nf3 Kf5 34. Nd2
b5 35. b3 e4 36. dxe4+ dxe4 37. Ke2 b4 38. Nb1 bxc3 39. Nxc3 Bd4 40. Rh3 Rxf2+
41. Ke1 Rxg2 42. Ne2 Kg4 43. Rh1 h3 0-1